01032 2200325 4500001002100000005001500021035002000036020002200056040002200078082001400100084001600114090002000130090002200150100003200172245011400204300004300318650001900361700003100380850001200411504003300423264005400456336002100510337003000531338002300561250003400584007000300618008004100621999002200662990002200684INLIS00000000085285520200218093839 a0010-1119000263 a978-602-386-264-1 aYOPDYOGbinderda04223a401.9 a401.9 WAH k aDEP 401.9 WAH k aCB-D.11 2017-32970 aWahyu Wiji Nugrohoepenulis10aKarakteristika bahasa Toni Blank :bkajian psikolinguistik, teori, dan praktik /cpenulis, Wahyu Wiji Nugroho aviii, 126 halaman :blampiran ;c23 cm 4aPsikolingustik aArif Ishartadiepenyunting aYOPDYOG aBibliografi: halaman 111-11331aYogyakarta :bGadjah Mada University Press,c2017 2rdacontentateks 2rdamediaatanpa perantara 2rdacarrieravolume aCetakan Pertama: Oktober 2017ta191111 2017 yoi g | ind d aCB-D.11/2017-3297 aCB-D.11/2017-3297